000 00396pab a2200145 454500
008 180718b1985 xxu||||| |||| 00| 0 eng d
100 _aVelden, Fons Van Der
245 _aWages of workers in Dutch multinational corporations in India
260 _c1985
300 _a85-104
362 _aJuly-Sept.
650 _aWages - India
773 _aNational Labour Institute Bulletin
909 _a20530
999 _c20530
_d20530